000
00295nam a2200145Ia 4500
100
_a
Gosselin
650
_a
Java
942
_c
BK
654
_a
java
245
_a
JAVAScript
260
_b
Cengage Learning
_a
Mumbai
_c
2008
082
_a
005.133J/GOS
_b
GOS
300
_a
525
546
_a
ENGLISH
999
_c
30369
_d
30369